| 000 | 00914cam a22003014a 4500 | ||
|---|---|---|---|
| 001 | 15817754 | ||
| 003 | OSt | ||
| 005 | 20250906020003.0 | ||
| 008 | 090714s2010 nyua b 001 0 eng | ||
| 010 | _a 2009029027 | ||
| 016 | 7 |
_a101510655 _2DNLM |
|
| 020 | _a9780071497015 | ||
| 020 | _a0071497013 | ||
| 035 | _a(OCoLC)ocn426115410 | ||
| 040 |
_aDNLM/DLC _cDLC _dBTCTA _dYDXCP _dNLM _dC#P _dVAM _dCDX _dJVD _dDLC |
||
| 042 | _apcc | ||
| 050 | 0 | 0 |
_aRG524 _b.W7 2010 |
| 082 | 0 | 0 |
_aWQ 100 W67f 2010 _222 |
| 100 |
_aCunningham, F. Gary; Williams, J. Whitridge _911181 |
||
| 245 | 0 | 0 | _aWilliams Obstetrics. |
| 250 | _a23rd ed. | ||
| 260 |
_aNew York : _bMcGraw-Hill Medical, _cc2010. |
||
| 300 |
_axv, 1385 p. : _bill. (some col.) ; _c29 cm. |
||
| 504 | _aIncludes bibliographical references and index. | ||
| 650 | 0 |
_aObstetrics. _95 |
|
| 906 |
_a7 _bcbc _corignew _d1 _eecip _f20 _gy-gencatlg |
||
| 942 |
_2z _cSLOAN _01 |
||
| 999 |
_c1365 _d1365 |
||